000 00606nam a22002057a 4500
003 OSt
005 20251030060254.0
008 251030b |||||||| |||| 00| 0 eng d
020 _a978-962-8035-90-4
040 _aDWCL - Main Lib
_cOC
082 _aProf. 344.07 M517e 2022
100 _aSta. Maria, Melencio
245 _aEducation and the Law /
_cMelencio Sta. Maria
260 _aMetro Manila, Philippines :
_bLorimar Publishing, Inc.,
_cc2022.
300 _aviii , 340 pages ;
_c23 cm.
650 _a1. Education
650 _a2. Law
650 _a3. Law Education
942 _2ddc
_cPROF.
_mProf.
_n0
999 _c5336
_d5336